000 00367nam a2200157Ia 4500
008 230524s9999 xx 000 0 und d
082 _a546
_bMAD
100 _aR.D.Madan
245 0 _aModern Inorganic Chemistry
250 _a11TH
260 _aNEW DELHI
_bS. Chand
_c2003
300 _a1548
500 _aQuantity Number: 2
650 _aChemistry
942 _cBK
999 _c17556
_d17556